[Event "Olympic team-Beersheva"]
[Site "Vingeit"]
[Date "1998.09.19"]
[Round "2"]
[White "Golod, Vitali"]
[Black "Kosashvili, Yona"]
[Result "0-1"]
[WhiteElo "2555"]
[BlackElo "2580"]
[PlyCount "84"]
[EventDate "1998.09.18"]
[EventType "match"]
[EventRounds "2"]
[EventCountry "ISR"]
[SourceTitle "CBM 068"]
[Source "ChessBase"]
[SourceDate "1999.02.01"]
[SourceVersion "1"]
[SourceVersionDate "1999.02.01"]
[SourceQuality "1"]

1. d4 Nf6 2. c4 e6 3. g3 Bb4+ 4. Nd2 d5 5. Bg2 0-0 6. Ngf3 b6 7. 0-0 Bb7 8. Qc2 Nbd7 9. e4 dxe4 10. Ng5 Bxd2 11. Bxd2 c5 12. dxc5 Nxc5 13. Bb4 Qd4 14. Bxc5 bxc5 15. Rfe1 Rab8 16. Rad1 Qe5 17. f4 Qf5 18. b3 Rbd8 19. Rxd8 Rxd8 20. Nxe4 Kf8 21. Qe2 Bxe4 22. Bxe4 Nxe4 23. Qxe4 Qxe4 24. Rxe4 Rd1+ 25. Kf2 Rd2+ 26. Re2 Rxe2+ 27. Kxe2 Ke7 28. Kd3 a5 29. g4 f6 30. a3 Kd6 31. Kc3 Kc7 32. Kd3 g6 33. Kc3 Kd6 34. h3 f5 35. gxf5 gxf5 36. b4 cxb4+ 37. axb4 a4 38. b5 e5 39. fxe5+ Kxe5 40. Kb4 Kd6 41. c5+ Kc7 42. Kxa4 f4 0-1

[Event "NED-chT sf"]
[Site "Breda"]
[Date "1998.??.??"]
[Round "?"]
[White "Kosashvili, Yona"]
[Black "Bertholee, Rob"]
[Result "1-0"]
[WhiteElo "2570"]
[BlackElo "2340"]
[PlyCount "51"]
[EventDate "1998.??.??"]
[EventType "team"]
[EventRounds "1"]
[EventCountry "NED"]
[SourceTitle "EXT 1999"]
[Source "ChessBase"]
[SourceDate "1998.11.16"]
[SourceVersion "1"]
[SourceVersionDate "1998.11.16"]
[SourceQuality "1"]

1. e4 c5 2. Nf3 d6 3. c3 Nf6 4. Bd3 Nc6 5. Bc2 Bg4 6. h3 Bh5 7. d3 e6 8. Nbd2 Nd7 9. Qe2 Be7 10. Ba4 Rc8 11. 0-0 a6 12. g4 Bg6 13. Ne1 f6 14. Ng2 Bf7 15. f4 h5 16. Bb3 hxg4 17. Qxg4 d5 18. Bc2 dxe4 19. dxe4 b5 20. Nf3 c4 21. Kh2 Rh7 22. Be3 Qc7 23. Qg3 e5 24. Rad1 Bd6 25. f5 Bc5 26. Rxd7 1-0

[Event "NED-chT playoff"]
[Site "Breda"]
[Date "1996.05.??"]
[Round "1"]
[White "Van Wely, Loek"]
[Black "Kosashvili, Yona"]
[Result "1/2-1/2"]
[WhiteElo "2570"]
[BlackElo "2580"]
[PlyCount "97"]
[EventDate "1996.05.??"]
[EventType "team"]
[EventRounds "2"]
[EventCountry "NED"]
[SourceTitle "EXT 2002"]
[Source "ChessBase"]
[SourceDate "2001.11.25"]
[SourceVersion "1"]
[SourceVersionDate "2001.11.25"]
[SourceQuality "1"]

1. d4 Nf6 2. c4 e6 3. Nf3 b6 4. a3 Bb7 5. Nc3 d5 6. Bg5 Be7 7. Qa4+ c6 8. Bxf6 Bxf6 9. cxd5 exd5 10. g3 0-0 11. Bg2 Na6 12. 0-0 Re8 13. Rfd1 g6 14. Rac1 Nc7 15. e3 Bg7 16. Ne2 Qd6 17. Nf4 Ne6 18. Rd2 Re7 19. Rdc2 Nxf4 20. gxf4 Qe6 21. Ne5 c5 22. dxc5 Bxe5 23. c6 Bg7 24. cxb7 Rxb7 25. Rc6 Qf5 26. Rd6 Rc8 27. Rd1 Qc2 28. Qxc2 Rxc2 29. Bxd5 Rbc7 30. b3 Bf8 31. Rd8 Kg7 32. a4 Be7 33. Be4 Bxd8 34. Bxc2 Rxc2 35. Rxd8 Rc3 36. Rd7 a5 37. b4 axb4 38. Rd4 Rb3 39. Kg2 Rb2 40. Kf3 h5 41. h3 Rb1 42. Ke4 Rb2 43. h4 b3 44. Rb4 Rxf2 45. Rxb3 Ra2 46. Rb4 Ra3 47. Kd4 f6 48. Ke4 Kf7 49. Kf3 1/2-1/2